| 000 | 00697nam a2200181Ia 4500 | ||
|---|---|---|---|
| 008 | 090630s9999 xx 000 0 und d | ||
| 082 | _b12848 | ||
| 100 | _aमंगेशकर गीता / बांदोडकर गौरी. | ||
| 245 |
_aअजेय. _cमंगेशकर गीता / बांदोडकर गौरी. |
||
| 260 |
_bप्रिया. _c1993 |
||
| 300 | _a357 | ||
| 600 | _aमंगेशकर गीता / बांदोडकर गौरी. | ||
| 630 | _aअजेय. | ||
| 655 | _aकादंबरी. | ||
| 700 | _aमंगेशकर गीता / बांदोडकर गौरी. | ||
| 730 | _aअजेय. | ||
| 942 | _cBOOK | ||
| 999 |
_c264704 _d264704 |
||